[Event "ODEM U25B 2012"]
[Site "Oberhof GER"]
[Date "2012.06.02"]
[Round "9"]
[White "Pixa, Ulrich"]
[Black "Suvorov, Alexander"]
[Result "0-1"]
[Termination "normal"]
[Board "5"]
[WhiteElo "1501"]
[BlackElo "1223"]
[PlyCount "82"]
[WhiteFideId "4697723"]
[BlackFideId "12977063"]
[EventCountry "GER"]
[EventRounds "9"]
[EventType "swiss"]
[EventDate "2012.05.26"]

1. e4 Nc6 2. d4 e5 3. d5 Nce7 4. c4 Ng6 5. Nf3 Nf6 6. Bd3 Bb4+ 7. Bd2 Bxd2+ 8.
Qxd2 O-O 9. Nc3 d6 10. Ne2 Bg4 11. Qe3 Nh5 12. h3 Nhf4 13. O-O Nxd3 14. Qxd3
Bd7 15. Ng3 Ne7 16. c5 f5 17. c6 fxe4 18. Qxe4 bxc6 19. dxc6 Bxc6 20. Qg4 Bxf3
21. gxf3 Ng6 22. Nf5 Qf6 23. Qc4+ Qf7 24. Qxf7+ Rxf7 25. Ng3 Rxf3 26. Rac1 Rc8
27. Rfd1 Nf4 28. Kf1 d5 29. h4 g6 30. Rc6 e4 31. Nh1 Rh3 32. Ng3 Rxh4 33. Ra6
c5 34. Ne2 Rh1+ 35. Ng1 Rc7 36. Rf6 Rf7 37. Rc6 Nh3 38. Kg2 Nxf2 39. Rf1 e3 40.
Rc8+ Kg7 41. Re8 d4 0-1

[Event "ODEM U25B 2012"]
[Site "Oberhof GER"]
[Date "2012.06.02"]
[Round "9"]
[White "Eggert, André"]
[Black "Schramm, Anna-Lena"]
[Result "1-0"]
[Termination "normal"]
[Board "6"]
[WhiteElo "1517"]
[BlackElo "1359"]
[PlyCount "47"]
[WhiteFideId "1270464"]
[BlackFideId "12918237"]
[EventCountry "GER"]
[EventRounds "9"]
[EventType "swiss"]
[EventDate "2012.05.26"]

1. c4 c5 2. Nc3 g6 3. g3 Bg7 4. Bg2 d6 5. Nf3 Nf6 6. O-O Be6 7. Ng5 Nc6 8. Nxe6
fxe6 9. Qa4 Qc8 10. Bxc6+ bxc6 11. d3 O-O 12. Bg5 Qc7 13. Rab1 h6 14. Bxf6 Bxf6
15. Ne4 Be5 16. b4 cxb4 17. Rxb4 c5 18. Rb5 Rfb8 19. Rfb1 Kf7 20. Qb3 Rf8 21.
Rb7 Qd8 22. Qb5 Re8 23. Qd7 Qa5 24. a4 1-0

[Event "ODEM U25B 2012"]
[Site "Oberhof GER"]
[Date "2012.06.02"]
[Round "9"]
[White "Granzin, David"]
[Black "Dresig, Moritz"]
[Result "1/2-1/2"]
[Termination "normal"]
[Board "7"]
[WhiteElo "1289"]
[BlackElo "1711"]
[PlyCount "68"]
[WhiteFideId "12922145"]
[BlackFideId "1270307"]
[EventCountry "GER"]
[EventRounds "9"]
[EventType "swiss"]
[EventDate "2012.05.26"]

1. e4 d6 2. d4 Nf6 3. Nc3 g6 4. Bg5 Bg7 5. f4 O-O 6. Nf3 Nh5 7. Qd2 c5 8. h3
Ng3 9. Rg1 Nxf1 10. Rxf1 Nc6 11. dxc5 Na5 12. Qd3 f6 13. Bh4 Rb8 14. g4 b5 15.
f5 g5 16. Bf2 Bd7 17. h4 b4 18. Ne2 Bb5 19. Qe3 Nc4 20. Qc1 h6 21. Rh1 a5 22.
b3 Na3 23. Bg3 a4 24. c4 axb3 25. axb3 Ba6 26. Kf2 Qc7 27. Qg1 Kf7 28. Qh2 Rh8
29. Nd2 h5 30. gxh5 Rxh5 31. Nf3 Rbh8 32. Qg2 g4 33. Nd2 Bh6 34. Bf4 Qc8
1/2-1/2

[Event "ODEM U25B 2012"]
[Site "Oberhof GER"]
[Date "2012.06.02"]
[Round "9"]
[White "Friedrich, Robert"]
[Black "Gast, Benedikt"]
[Result "0-1"]
[Termination "normal"]
[Board "8"]
[WhiteElo "1350"]
[BlackElo "1860"]
[PlyCount "118"]
[WhiteFideId "1271541"]
[BlackFideId "12937967"]
[EventCountry "GER"]
[EventRounds "9"]
[EventType "swiss"]
[EventDate "2012.05.26"]

1. e4 e5 2. Nf3 d6 3. Bc4 Nc6 4. c3 Qe7 5. d3 h6 6. Nbd2 g6 7. O-O Bg7 8. Re1
Nf6 9. Nb3 O-O 10. d4 Re8 11. dxe5 Nxe5 12. Nxe5 Qxe5 13. f3 Qe7 14. Be3 Be6
15. Bd3 Qd7 16. Qd2 Kh7 17. Nd4 a6 18. Nxe6 Qxe6 19. Bc2 Rad8 20. Bb3 Qd7 21.
Rad1 Re7 22. Bf2 Rde8 23. Qc2 Kg8 24. e5 Rxe5 25. Qxg6 Rg5 26. Qd3 Nh5 27.
Rxe8+ Qxe8 28. Re1 Qd7 29. Be3 Re5 30. g4 Nf4 31. Bxf4 Rxe1+ 32. Kf2 Qe7 33.
Qg6 Re2+ 34. Kg3 Qf6 35. Qd3 Rxb2 36. Qe4 c6 37. Qe8+ Bf8 38. Bxh6 Qe5+ 39.
Qxe5 dxe5 40. Bg5 Bd6 41. h4 e4+ 42. Bf4 Bxf4+ 43. Kxf4 exf3 44. Kxf3 Kg7 45.
Kf4 Rf2+ 46. Kg3 Rd2 47. Kf4 b5 48. Ke3 Rd6 49. Ke4 c5 50. c4 Rd4+ 51. Kf5 bxc4
52. Bc2 Rd2 53. Bb1 c3 54. a4 c2 55. Bxc2 Rxc2 56. g5 Rh2 57. Kg4 c4 58. h5
Rxh5 59. Kxh5 c3 0-1

[Event "ODEM U25B 2012"]
[Site "Oberhof GER"]
[Date "2012.06.02"]
[Round "9"]
[White "Sherif, Malik"]
[Black "Hoppe, Michael"]
[Result "0-1"]
[Termination "normal"]
[Board "9"]
[WhiteElo "1217"]
[BlackElo "1426"]
[PlyCount "100"]
[WhiteFideId "12911755"]
[BlackFideId "12928747"]
[EventCountry "GER"]
[EventRounds "9"]
[EventType "swiss"]
[EventDate "2012.05.26"]

1. e4 e6 2. d4 d5 3. exd5 exd5 4. Nf3 Bd6 5. c4 c6 6. Nc3 Nf6 7. Bg5 dxc4 8.
Bxc4 Bg4 9. h3 Qe7+ 10. Qe2 Bxf3 11. Qxe7+ Bxe7 12. gxf3 Nbd7 13. O-O-O h6 14.
Bf4 Nb6 15. Bb3 Nbd5 16. Nxd5 Nxd5 17. Be5 O-O 18. Rhg1 Nf6 19. Bf4 Kh8 20.
Rde1 Bb4 21. Rd1 Nd5 22. Be5 f6 23. Bg3 Rfe8 24. a3 Ba5 25. Ba2 Rad8 26. Bxd5
Rxd5 27. Rd3 Red8 28. Rgd1 Bb6 29. Re1 R8d7 30. Re8+ Kh7 31. Rde3 Rxd4 32. Re1
Ba5 33. b4 Bb6 34. R8e2 Rd3 35. Re7 Rxe7 36. Rxe7 Rxa3 37. Rxb7 Rxf3 38. Bb8
Rxh3 39. Bxa7 Bxa7 40. Rxa7 Rh5 41. Rc7 Rb5 42. Rxc6 Rxb4 43. Rc2 g5 44. f3 Rd4
45. Rf2 Kg6 46. Kc2 Rf4 47. Kd3 g4 48. Ke3 Rxf3+ 49. Rxf3 gxf3 50. Kxf3 Kg5 0-1

[Event "ODEM U25B 2012"]
[Site "Oberhof GER"]
[Date "2012.06.02"]
[Round "9"]
[White "Schmidt, Daniel"]
[Black "Focke, Adrian"]
[Result "1-0"]
[Termination "normal"]
[Board "10"]
[WhiteElo "1419"]
[BlackElo "1312"]
[PlyCount "135"]
[WhiteFideId "12957950"]
[BlackFideId "12969869"]
[EventCountry "GER"]
[EventRounds "9"]
[EventType "swiss"]
[EventDate "2012.05.26"]

1. c4 e5 2. Nc3 Nc6 3. g3 Nf6 4. Bg2 Bc5 5. e3 O-O 6. Nge2 Re8 7. O-O d6 8. d4
exd4 9. Nxd4 Bxd4 10. exd4 Rb8 11. b3 Bd7 12. Bb2 Qc8 13. d5 Ne7 14. Qd4 Bf5
15. Qxa7 b6 16. Qa4 Bh3 17. Qb4 Qf5 18. Nb5 Rbc8 19. Bxf6 gxf6 20. Qc3 Bxg2 21.
Kxg2 Qg6 22. Rfe1 Kf8 23. Re3 Nf5 24. Rxe8+ Kxe8 25. Re1+ Kf8 26. Kf1 Qg7 27.
Nd4 Nxd4 28. Qxd4 f5 29. Qxg7+ Kxg7 30. f4 Kf6 31. Kf2 h5 32. Kf3 Ra8 33. a4
Rg8 34. h3 Ra8 35. Re2 Rc8 36. Ra2 Re8 37. a5 bxa5 38. Rxa5 Re1 39. Ra7 Re7 40.
b4 Kg7 41. c5 dxc5 42. bxc5 Kf8 43. g4 fxg4+ 44. hxg4 hxg4+ 45. Kxg4 f6 46. Kf5
Kf7 47. d6 cxd6 48. Rxe7+ Kxe7 49. cxd6+ Kxd6 50. Kxf6 Kd7 51. Kf7 Kd6 52. f5
Ke5 53. f6 Kd6 54. Kg7 Ke5 55. f7 Kd4 56. f8=Q Ke4 57. Qd6 Kf5 58. Kf7 Ke4 59.
Kf6 Kf3 60. Qd4 Kg3 61. Qe4 Kf2 62. Qd3 Kg2 63. Qe3 Kf1 64. Qd2 Kg1 65. Kf5 Kf1
66. Kf4 Kg1 67. Kf3 Kh1 68. Qg2# 1-0

[Event "ODEM U25B 2012"]
[Site "Oberhof GER"]
[Date "2012.06.02"]
[Round "9"]
[White "Bossert, Felix"]
[Black "Gast, Antonia"]
[Result "0-1"]
[Termination "normal"]
[Board "11"]
[WhiteElo "1284"]
[BlackElo "1395"]
[PlyCount "118"]
[WhiteFideId "12960977"]
[BlackFideId "12929336"]
[EventCountry "GER"]
[EventRounds "9"]
[EventType "swiss"]
[EventDate "2012.05.26"]

1. d4 Nf6 2. c4 d6 3. Nf3 Nbd7 4. Nc3 e5 5. g3 Be7 6. Bg2 O-O 7. O-O c6 8. e4
a6 9. a4 Re8 10. h3 Bf8 11. Qc2 a5 12. Be3 Qc7 13. Rad1 b6 14. Rfe1 Ba6 15. b3
Rab8 16. Bf1 Bb7 17. Bg2 Rbd8 18. Qd3 Ba6 19. Qd2 Bb7 20. d5 cxd5 21. cxd5 Ba6
22. Rc1 Qb8 23. Qb2 Nc5 24. Bxc5 bxc5 25. Nd2 Qa7 26. Nc4 Bxc4 27. bxc4 Rb8 28.
Nb5 Qe7 29. Qc3 Ra8 30. Rb1 Reb8 31. Rb2 Qd8 32. Reb1 h6 33. Na3 Rb4 34. Qc2 g6
35. Rxb4 axb4 36. Nb5 Kg7 37. Qb3 Be7 38. f3 Ne8 39. f4 exf4 40. gxf4 Bf6 41.
Re1 Bh4 42. Re2 Qf6 43. Nxd6 Qa1+ 44. Kh2 Nxd6 45. e5 Nf5 46. Re3 Nxe3 47. Qxe3
Qd4 48. Qxd4 cxd4 49. d6 Rxa4 50. d7 b3 51. Be4 Rxc4 52. f5 gxf5 53. Bxf5 b2
54. Kg2 Rb4 55. Bb1 Bd8 56. Kf3 Rb3+ 57. Ke2 Rxh3 58. Kd2 Kf8 59. Kc2 Ke7 0-1

[Event "ODEM U25B 2012"]
[Site "Oberhof GER"]
[Date "2012.06.02"]
[Round "9"]
[White "Greßmann, Hanna"]
[Black "Riedel, Erich"]
[Result "1/2-1/2"]
[Termination "normal"]
[Board "12"]
[WhiteElo "1393"]
[BlackElo "1276"]
[PlyCount "52"]
[WhiteFideId "12930709"]
[BlackFideId "12958646"]
[EventCountry "GER"]
[EventRounds "9"]
[EventType "swiss"]
[EventDate "2012.05.26"]

1. e4 e6 2. d4 d5 3. exd5 exd5 4. Bd3 Nc6 5. Ne2 Bd6 6. c3 Nge7 7. O-O Bg4 8.
h3 Bh5 9. Qc2 Bg6 10. Nf4 Bxd3 11. Qxd3 O-O 12. Qf3 Bxf4 13. Bxf4 Ng6 14. Bg3
Nce7 15. Nd2 c6 16. Nb3 b6 17. h4 f6 18. Rfe1 Re8 19. h5 Nf8 20. h6 Neg6 21.
hxg7 Kxg7 22. Re3 Rxe3 23. Qxe3 Qe8 24. Re1 Qxe3 25. Rxe3 Kf7 26. Bh2 Nd7
1/2-1/2

[Event "ODEM U25B 2012"]
[Site "Oberhof GER"]
[Date "2012.06.02"]
[Round "9"]
[White "Herrmann, Heribert"]
[Black "Koll, Lukas"]
[Result "1-0"]
[Termination "normal"]
[Board "13"]
[WhiteElo "1534"]
[BlackElo "1282"]
[PlyCount "77"]
[WhiteFideId "12971715"]
[BlackFideId "12969737"]
[EventCountry "GER"]
[EventRounds "9"]
[EventType "swiss"]
[EventDate "2012.05.26"]

1. c4 c5 2. g3 Nc6 3. Bg2 g6 4. Nc3 Bg7 5. e4 e6 6. Nge2 Nge7 7. O-O O-O 8. d3
a6 9. a3 Rb8 10. Rb1 b5 11. cxb5 axb5 12. b4 cxb4 13. axb4 Ba6 14. Bf4 e5 15.
Bd2 d6 16. h3 Bc8 17. Kh2 Be6 18. f4 f5 19. exf5 Rxf5 20. g4 Rf8 21. Qc1 Qc8
22. Ne4 Qd7 23. N2c3 exf4 24. Bxf4 Rxf4 25. Rxf4 Be5 26. Kh1 Bxf4 27. Qxf4 Rf8
28. Nf6+ Kg7 29. Rf1 Qd8 30. g5 Bf5 31. Qh4 Rh8 32. Qh6+ Kf7 33. Be4 Qf8 34.
Qh4 h6 35. Nxb5 hxg5 36. Qxg5 Bxe4+ 37. Nxe4+ Nf5 38. Nbxd6+ Kg7 39. Nxf5+ 1-0

[Event "ODEM U25B 2012"]
[Site "Oberhof GER"]
[Date "2012.06.02"]
[Round "9"]
[White "Dittrich, Tom"]
[Black "Petersen, Marcel"]
[Result "1-0"]
[Termination "normal"]
[Board "14"]
[WhiteElo "1627"]
[BlackElo "1582"]
[PlyCount "83"]
[WhiteFideId "12923532"]
[BlackFideId "12935670"]
[EventCountry "GER"]
[EventRounds "9"]
[EventType "swiss"]
[EventDate "2012.05.26"]

1. e4 e5 2. Nf3 Nc6 3. Bc4 Bc5 4. c3 Nf6 5. d3 d6 6. Bb3 h6 7. Nbd2 O-O 8. Nf1
Bb6 9. h3 Be6 10. Bc2 d5 11. exd5 Nxd5 12. Ng3 Qd7 13. O-O f5 14. Re1 Qd6 15.
Qe2 e4 16. dxe4 Qxg3 17. exd5 Bxd5 18. Be3 Qd6 19. Bxb6 axb6 20. c4 Bxf3 21.
Qxf3 Nd4 22. Qd3 Rad8 23. Rad1 Qf6 24. Qc3 Rd6 25. c5 bxc5 26. Qxc5 Rfd8 27.
Qxc7 Rc6 28. Bb3+ Kh7 29. Qxb7 Qh4 30. Rxd4 Qxd4 31. Qxc6 Qxb2 32. Qc2 Qf6 33.
Re6 Qg5 34. Re5 Rf8 35. Qc5 Rf6 36. Qe3 Qg6 37. Bc2 Qf7 38. a4 Qd7 39. a5 Qc8
40. Rc5 Qd7 41. Qe5 Kh8 42. Bxf5 1-0

[Event "ODEM U25B 2012"]
[Site "Oberhof GER"]
[Date "2012.06.02"]
[Round "9"]
[White "Arns, Alexander"]
[Black "Schier, Lukas"]
[Result "1-0"]
[Termination "normal"]
[Board "15"]
[WhiteElo "1452"]
[BlackElo "1272"]
[PlyCount "89"]
[WhiteFideId "12944009"]
[EventCountry "GER"]
[EventRounds "9"]
[EventType "swiss"]
[EventDate "2012.05.26"]

1. e4 e5 2. Nf3 Nc6 3. Bb5 a6 4. Ba4 Bc5 5. O-O b5 6. Bb3 Nf6 7. Re1 O-O 8. c3
d6 9. h3 Re8 10. Bc2 Bb6 11. d4 exd4 12. cxd4 Nb4 13. Nc3 Nxc2 14. Qxc2 Bb7 15.
Bg5 c5 16. d5 c4 17. Rad1 Rc8 18. Nd4 Bc5 19. Nf5 Rc7 20. Kf1 Bc8 21. Nd4 Bb7
22. Re3 Re5 23. f4 Re8 24. Ree1 Bb4 25. Re2 Ba8 26. Nf5 Bb7 27. b3 Bc5 28. e5
dxe5 29. fxe5 h6 30. Nxh6+ gxh6 31. Bxf6 Qd7 32. Qd2 Qf5+ 33. Ke1 Kh7 34. Qc2
Bc8 35. g4 Qxc2 36. Rxc2 h5 37. d6 Rd7 38. Ne4 Bb6 39. Be7 hxg4 40. Nf6+ Kg6
41. Nxe8 gxh3 42. Nf6 Bg1 43. Nxd7 Bxd7 44. Rdd2 Kf5 45. Bf6 1-0

[Event "ODEM U25B 2012"]
[Site "Oberhof GER"]
[Date "2012.06.02"]
[Round "9"]
[White "Bachmann, Jonas"]
[Black "Zyla, Lennert"]
[Result "1-0"]
[Termination "normal"]
[Board "16"]
[WhiteElo "1426"]
[BlackElo "1048"]
[PlyCount "59"]
[WhiteFideId "12922919"]
[BlackFideId "12981567"]
[EventCountry "GER"]
[EventRounds "9"]
[EventType "swiss"]
[EventDate "2012.05.26"]

1. e4 Nc6 2. d4 e5 3. Nf3 exd4 4. Bc4 Be7 5. c3 dxc3 6. Qd5 Nh6 7. Bxh6 O-O 8.
Bxg7 Kxg7 9. Nxc3 d6 10. Qh5 a6 11. Nd5 b5 12. Bd3 h6 13. h4 Be6 14. Nf4 Qd7
15. Nxe6+ Qxe6 16. Rh3 Ne5 17. Nd4 Nxd3+ 18. Rxd3 Qxe4+ 19. Kd2 Qf4+ 20. Kd1
Bf6 21. Nf5+ Kh7 22. Rf3 Qa4+ 23. b3 Qg4 24. Qxg4 Bxa1 25. Qh5 Bg7 26. Nxg7
Kxg7 27. Rg3+ Kh7 28. Qf5+ Kh8 29. Qf6+ Kh7 30. Qg7# 1-0

[Event "ODEM U25B 2012"]
[Site "Oberhof GER"]
[Date "2012.06.02"]
[Round "9"]
[White "Neumann, Tiemon"]
[Black "Tsoumanis, Neoptolemos"]
[Result "1/2-1/2"]
[Termination "normal"]
[Board "17"]
[WhiteElo "1750"]
[BlackElo "1181"]
[PlyCount "69"]
[WhiteFideId "12925462"]
[EventCountry "GER"]
[EventRounds "9"]
[EventType "swiss"]
[EventDate "2012.05.26"]

1. e4 d5 2. exd5 Qxd5 3. Nc3 Qa5 4. Bc4 Nf6 5. d3 Bf5 6. Bd2 c6 7. Qe2 e6 8. h3
Nbd7 9. g4 Bg6 10. f4 O-O-O 11. Nf3 h6 12. a4 Bb4 13. Na2 Bxd2+ 14. Qxd2 Qxd2+
15. Nxd2 Nb6 16. Bb3 Nfd5 17. Bxd5 Nxd5 18. O-O-O Nxf4 19. Nc3 f5 20. gxf5 exf5
21. Nc4 Rhe8 22. Rde1 Rxe1+ 23. Rxe1 Nxh3 24. Re7 Rd7 25. Rxd7 Kxd7 26. Ne5+
Ke6 27. Nxg6 f4 28. Kd2 Kf6 29. Nh4 g5 30. Ne4+ Ke6 31. Ng2 g4 32. Ke1 g3 33.
Ke2 Kf5 34. b3 Kg4 35. Nf6+ 1/2-1/2

[Event "ODEM U25B 2012"]
[Site "Oberhof GER"]
[Date "2012.06.02"]
[Round "9"]
[White "Moos, Daniel"]
[Black "Hölzer, Jeanette"]
[Result "1/2-1/2"]
[Termination "normal"]
[Board "18"]
[WhiteElo "1173"]
[BlackElo "1376"]
[PlyCount "106"]
[BlackFideId "12917982"]
[EventCountry "GER"]
[EventRounds "9"]
[EventType "swiss"]
[EventDate "2012.05.26"]

1. Nf3 Nf6 2. d4 g6 3. c4 Bg7 4. Nc3 O-O 5. Bg5 d6 6. h3 Nbd7 7. e3 e5 8. d5 h6
9. Bh4 g5 10. Bg3 Nh5 11. Bh2 f5 12. Nxe5 Qe8 13. Nxd7 Bxd7 14. Be2 Nf6 15. O-O
Qg6 16. Qc2 Rae8 17. Rae1 h5 18. Bd3 h4 19. e4 fxe4 20. Nxe4 Nxe4 21. Bxe4 Rxe4
22. Qxe4 Bf5 23. Qe3 Bd3 24. b3 Bxf1 25. Kxf1 b6 26. Qe6+ Qxe6 27. Rxe6 Rf7 28.
Re8+ Kh7 29. Ra8 a5 30. Re8 Bd4 31. f3 Kg6 32. Ke2 Kh6 33. Re4 Bc3 34. f4 Kg6
35. Kd3 Kh5 36. fxg5 Kxg5 37. Re2 Kh5 38. Ke4 Re7+ 39. Kf3 Rf7+ 40. Bf4 Bb4 41.
g3 hxg3 42. Kxg3 Rg7+ 43. Kh2 Bc5 44. Rg2 Rxg2+ 45. Kxg2 Bb4 46. Bg3 Bc3 47.
Kf3 Kg5 48. Ke4 Bf6 49. Kf3 Bc3 50. Bf2 Bf6 51. h4+ Kf5 52. Ke3 Be5 53. Kf3 Bf6
1/2-1/2

[Event "ODEM U25B 2012"]
[Site "Oberhof GER"]
[Date "2012.06.02"]
[Round "9"]
[White "Hageresch, Leon"]
[Black "Häusler, Luis"]
[Result "0-1"]
[Termination "normal"]
[Board "19"]
[WhiteElo "1371"]
[BlackElo "1124"]
[PlyCount "132"]
[WhiteFideId "12933899"]
[BlackFideId "12942928"]
[EventCountry "GER"]
[EventRounds "9"]
[EventType "swiss"]
[EventDate "2012.05.26"]

1. d4 Nf6 2. Nf3 g6 3. c4 Bg7 4. Nc3 O-O 5. e4 d6 6. Be3 Nbd7 7. Be2 c5 8. d5
a6 9. Qd2 Ng4 10. Bf4 Rb8 11. h3 Nge5 12. Bh6 Qa5 13. Bxg7 Kxg7 14. Nxe5 Nxe5
15. f4 Nd7 16. g4 b5 17. h4 bxc4 18. Bxc4 Qb4 19. b3 Nb6 20. Be2 c4 21. Qd4+
Kg8 22. h5 Qc5 23. Qxc5 dxc5 24. hxg6 fxg6 25. f5 cxb3 26. axb3 Nd7 27. Ra3 Ne5
28. Na4 c4 29. Rh3 cxb3 30. Raxb3 Rxb3 31. Rxb3 Bd7 32. Nc5 Bb5 33. Bxb5 axb5
34. Rg3 Rc8 35. Nd3 Rc4 36. Nf2 Kf7 37. Kd2 Kf6 38. g5+ Kf7 39. Nd3 Rxe4 40.
fxg6+ Kxg6 41. Rh3 Nxd3 42. Kxd3 Ra4 43. Rh2 Rg4 44. Re2 Rxg5 45. Rxe7 Rxd5+
46. Ke4 Rd1 47. Re6+ Kf7 48. Rb6 Rb1 49. Kf5 Ke7 50. Rb7+ Kd6 51. Rxh7 Kc5 52.
Ke4 Kc4 53. Rc7+ Kb3 54. Kd3 b4 55. Kd2 Ka2 56. Ra7+ Kb2 57. Rc7 b3 58. Rc6 Ra1
59. Rc7 Kb1 60. Rb7 Ra2+ 61. Kc3 b2 62. Kb3 Ka1 63. Kc3 b1=Q 64. Rxb1+ Kxb1 65.
Kb3 Rc2 66. Ka3 Rb2 0-1

[Event "ODEM U25B 2012"]
[Site "Oberhof GER"]
[Date "2012.06.02"]
[Round "9"]
[White "Bick, Lennard"]
[Black "Giede, Anna-Blume"]
[Result "1-0"]
[Termination "normal"]
[Board "20"]
[WhiteElo "1169"]
[BlackElo "1250"]
[PlyCount "73"]
[BlackFideId "12921980"]
[EventCountry "GER"]
[EventRounds "9"]
[EventType "swiss"]
[EventDate "2012.05.26"]

1. e4 c5 2. Nf3 e6 3. Nc3 Nc6 4. d3 a6 5. Be3 Qc7 6. g3 Nf6 7. h3 Be7 8. Bg2
O-O 9. O-O d5 10. exd5 exd5 11. Bf4 Bd6 12. Bxd6 Qxd6 13. Re1 Be6 14. Qd2 Qd7
15. Ng5 Bf5 16. g4 Bg6 17. a4 h6 18. Nf3 d4 19. Ne2 Nd5 20. Nf4 Nxf4 21. Qxf4
Nb4 22. Re2 Nd5 23. Qd2 Qc7 24. Ne5 Nb4 25. Rae1 Rad8 26. Nc4 Nc6 27. a5 Qb8
28. Nb6 Rfe8 29. Bxc6 bxc6 30. Re7 Rxe7 31. Rxe7 Kh7 32. Qe2 f6 33. Qf3 Rd6 34.
Nc4 Rd5 35. Re6 Qc7 36. Nb6 Rd6 37. Qg3 1-0

[Event "ODEM U25B 2012"]
[Site "Oberhof GER"]
[Date "2012.06.02"]
[Round "9"]
[White "Silber, Kevin"]
[Black "Kalina, Joshua"]
[Result "1/2-1/2"]
[Termination "normal"]
[Board "21"]
[WhiteElo "1196"]
[BlackElo "941"]
[PlyCount "42"]
[WhiteFideId "12930440"]
[EventCountry "GER"]
[EventRounds "9"]
[EventType "swiss"]
[EventDate "2012.05.26"]

1. e4 e5 2. Nf3 Nc6 3. d4 exd4 4. Nxd4 Nf6 5. f3 d5 6. Bb5 Bd7 7. Bxc6 Bxc6 8.
Nxc6 bxc6 9. Bg5 dxe4 10. Qxd8+ Rxd8 11. fxe4 Rd6 12. e5 Re6 13. O-O Bc5+ 14.
Kh1 Ne4 15. Bh4 Rxe5 16. h3 O-O 17. Nc3 Nxc3 18. bxc3 f6 19. Bg3 Re7 20. Rad1
Rfe8 21. Rf5 Bb6 1/2-1/2

[Event "ODEM U25B 2012"]
[Site "Oberhof GER"]
[Date "2012.06.02"]
[Round "9"]
[White "Stockter, Jasper Enno"]
[Black "Grund, Melanie"]
[Result "1-0"]
[Termination "normal"]
[Board "22"]
[WhiteElo "1107"]
[BlackElo "885"]
[PlyCount "79"]
[WhiteFideId "12957291"]
[BlackFideId "12988804"]
[EventCountry "GER"]
[EventRounds "9"]
[EventType "swiss"]
[EventDate "2012.05.26"]

1. e4 e5 2. Nf3 Nc6 3. d4 exd4 4. Nxd4 Nf6 5. Nxc6 bxc6 6. e5 Ng8 7. Nc3 Qe7 8.
Qe2 d6 9. exd6 Qxe2+ 10. Bxe2 Bxd6 11. Be3 Nf6 12. Bf3 Bb7 13. O-O O-O 14. Ne4
Nxe4 15. Bxe4 Rab8 16. Bxa7 Ra8 17. Be3 Be5 18. c3 Rfe8 19. f3 Reb8 20. Rfd1 g6
21. f4 Bd6 22. Bf3 c5 23. Bxb7 Rxb7 24. Rd2 Kg7 25. Kf2 Kf6 26. Kf3 Rba7 27. b3
Kf5 28. c4 Ra5 29. Rd5+ Kf6 30. a4 R5a7 31. Bxc5 Bxc5 32. Rxc5 Rd8 33. Rd5 Rxd5
34. cxd5 Ra5 35. Rd1 h5 36. d6 cxd6 37. Rxd6+ Kf5 38. h3 g5 39. g4+ hxg4+ 40.
hxg4# 1-0

[Event "ODEM U25B 2012"]
[Site "Oberhof GER"]
[Date "2012.06.02"]
[Round "9"]
[White "Acikel, Mert"]
[Black "Eggert, Daniela"]
[Result "1-0"]
[Termination "normal"]
[Board "23"]
[WhiteElo "970"]
[BlackElo "927"]
[PlyCount "103"]
[WhiteFideId "12956465"]
[BlackFideId "12991490"]
[EventCountry "GER"]
[EventRounds "9"]
[EventType "swiss"]
[EventDate "2012.05.26"]

1. e4 e5 2. Nf3 Nc6 3. Bc4 Bc5 4. b4 Bxb4 5. c3 Be7 6. d4 Na5 7. Bb3 d6 8. dxe5
Bg4 9. exd6 Bxf3 10. Qxf3 Bf6 11. e5 Nxb3 12. exf6 Nxf6 13. Qe3+ Kf8 14. Qe7+
Qxe7+ 15. dxe7+ Kxe7 16. axb3 Rhe8 17. O-O Kf8 18. Ba3+ Kg8 19. Nd2 Re2 20. Nf3
Rae8 21. Rfe1 h6 22. h3 Nd5 23. c4 Nf4 24. Rxe2 Nxe2+ 25. Kf1 Nf4 26. Re1 Rxe1+
27. Nxe1 c6 28. Nf3 f6 29. h4 Kf7 30. g3 Nd3 31. Ke2 Ne5 32. Nxe5+ fxe5 33. Ke3
Ke6 34. Ke4 g6 35. f3 h5 36. g4 a6 37. Bc5 a5 38. gxh5 gxh5 39. f4 exf4 40.
Kxf4 Kf6 41. Bb6 Kg6 42. Bxa5 Kf6 43. Bc7 Kg6 44. Bd8 Kh6 45. Kf5 Kg7 46. c5
Kh6 47. Be7 Kg7 48. Kg5 Kh7 49. Kxh5 Kg7 50. Kg5 Kh7 51. h5 Kg7 52. Bf6+ 1-0

[Event "ODEM U25B 2012"]
[Site "Oberhof GER"]
[Date "2012.06.02"]
[Round "9"]
[White "Lang, Thomas"]
[Black "Paulweber, Lara"]
[Result "1-0"]
[Termination "normal"]
[Board "24"]
[WhiteElo "945"]
[BlackElo "902"]
[PlyCount "69"]
[WhiteFideId "12982520"]
[BlackFideId "12954411"]
[EventCountry "GER"]
[EventRounds "9"]
[EventType "swiss"]
[EventDate "2012.05.26"]

1. e4 c5 2. Nf3 b6 3. Bc4 Bb7 4. d3 e6 5. Nc3 a6 6. a4 d6 7. d4 cxd4 8. Qxd4
Nf6 9. e5 dxe5 10. Qxd8+ Kxd8 11. Nxe5 Bxg2 12. Rg1 Be4 13. Nxe4 Nxe4 14. Nxf7+
Ke7 15. Nxh8 Kf6 16. Ra3 Bxa3 17. bxa3 g6 18. Bb2+ e5 19. Bd5 Ra7 20. Bxe4 Re7
21. Nxg6 hxg6 22. Rxg6+ Kf7 23. Rxb6 Re8 24. Bg6+ Kf8 25. Bxe8 Kxe8 26. Rxb8+
Ke7 27. h4 a5 28. h5 Kf7 29. h6 Kg6 30. Rb6+ Kh7 31. Ke2 e4 32. Ke3 Kg8 33. Rb7
Kf8 34. h7 Ke8 35. h8=Q# 1-0

[Event "ODEM U25B 2012"]
[Site "Oberhof GER"]
[Date "2012.06.02"]
[Round "9"]
[White "Dopmann, Sina"]
[Black "Wiemann, Daniel"]
[Result "1-0"]
[Termination "normal"]
[Board "27"]
[WhiteElo "1158"]
[BlackElo "963"]
[PlyCount "105"]
[BlackFideId "12942944"]
[EventCountry "GER"]
[EventRounds "9"]
[EventType "swiss"]
[EventDate "2012.05.26"]

1. Nc3 d5 2. e4 d4 3. Nce2 e5 4. Ng3 Bd6 5. Bc4 Nf6 6. d3 Nc6 7. N1e2 O-O 8.
O-O Qe8 9. f4 a6 10. a3 b5 11. Ba2 Bg4 12. Bd2 exf4 13. Bxf4 Bxf4 14. Rxf4 Qe5
15. Qf1 Ne7 16. h3 Bd7 17. Rf3 Ng6 18. Nf5 c5 19. Qf2 Rac8 20. Qg3 Qxg3 21.
Nexg3 Kh8 22. Nd6 Ra8 23. Nxf7+ Kg8 24. Ne5+ Kh8 25. Nxg6+ hxg6 26. e5 Nh7 27.
Rxf8+ Nxf8 28. c3 dxc3 29. bxc3 Re8 30. d4 cxd4 31. cxd4 Kh7 32. h4 Kh6 33. Re1
Bc8 34. d5 g5 35. hxg5+ Kxg5 36. Ne4+ Kf5 37. Nd6+ Kg6 38. Nxe8 Kh7 39. e6 Bxe6
40. dxe6 Nxe6 41. Rxe6 a5 42. Nc7 b4 43. Bb1+ Kg8 44. a4 b3 45. Re5 b2 46. Rxa5
Kf7 47. Rd5 Ke7 48. a5 Kf7 49. a6 Ke7 50. a7 Kf7 51. a8=Q Ke7 52. Qe8+ Kf6 53.
Qe6# 1-0